| 000 | 01369nam a2200337 i 4500 | ||
|---|---|---|---|
| 999 |
_c65225 _d65225 |
||
| 001 | 768714001 | ||
| 003 | CO-MdFUSB | ||
| 005 | 20190924121945.0 | ||
| 008 | 190917t2009 ck |||| |||| 00| 0 spa d | ||
| 020 | _a9789584522597 | ||
| 040 |
_bspa. _aCO-MdFUSB _cCO-MdFUSB _dCO-MdFUSBC _erda |
||
| 041 | _aspa | ||
| 082 |
_223 _a863.0986 _bG192 |
||
| 100 |
_aGamboa, Santiago. _eautor |
||
| 245 |
_aNecrópolis _c/ Santiago Gamboa |
||
| 264 | 1 |
_aBogotá, Colombia : _bNorma, _c[2009] |
|
| 264 | 4 | _c© 2009 | |
| 300 |
_a455 páginas _c; 23 cm |
||
| 336 |
_2rdacontent _atexto _btxt |
||
| 337 |
_2rdamedia _asin mediación _bn |
||
| 338 |
_2rdacarrier _avolumen _bnc |
||
| 490 | _aLa otra orilla | ||
| 500 | _aPremio de novela La otra orilla 2009 | ||
| 505 | _aEl congreso: La invitación. -- El ministerio de la misericordia (I). -- El viaje. -- El ministerio de la misericordia (II). -- Los invitados. --El ministerio de la misericordia. -- El ministerio de la misericordia (III). -- El que se va. -- Libro de tormentas: La variante Oslovki y Flo. -- El sobreviviente. -- Jardín de flores raras. -- Necrópolis. -- Otras voces. -- Tempestades. -- La isla de Wanda. | ||
| 563 | _aRústico | ||
| 650 | 7 |
_2embne _92518 _aLiteratura colombiana |
|
| 650 | 7 |
_2embne _92519 _aLiteratura colombiana _yS.XIX |
|
| 653 | _aNovela Colombiana | ||
| 942 | _cBK | ||
| 945 | _aJTF-925 | ||